000 00541nam a2200229Ia 4500
003 OSt
005 20221005133429.0
006 a|||||r|||| 00| 0
007 ta
008 221004b |||||||| |||| 00| 0 eng d
024 _a61406
037 _cTextual
040 _aCRL
_cCRL
_beng
041 _2eng
_aeng
082 _aV1z7, J3
100 _aToynbee Arnold
245 0 _aWorld and the West
260 _c1953
650 _aWORLD HISTORY
942 _hV1z7, J3
_cTEXL
_2cc
999 _c1066818
_d1066818